|
|
|
|
| LEADER |
00000nkm a2200000 a 4500 |
| 001 |
vtls001237267 |
| 003 |
SK-MaSNL |
| 005 |
20260301154713.0 |
| 008 |
240314s1992 xo slo |
| 020 |
|
|
|a 8085224178
|
| 035 |
|
|
|a SNK000184275
|
| 035 |
|
|
|a urn:nbn:sk:snk-amlgt5
|
| 035 |
|
|
|a urn:nbn:sk:snk-am00bnd8
|
| 035 |
|
|
|a D5C3E691-428A-497D-BEE2-D03F17A24AEA
|
| 040 |
|
|
|a SNK
|b slo
|c SNK
|e AACR2
|
| 041 |
0 |
|
|a slo
|
| 044 |
|
|
|a xo
|c SK
|
| 080 |
|
|
|a 087.5
|2 1981
|
| 100 |
1 |
|
|a Swift, Jonathan,
|d 1667-1745
|4 aut
|9 98559
|
| 245 |
1 |
0 |
|a Guliverove cesty
|h Grafika
|b Známe diela svetovej literatúry pre mládež
|c Jonathan Swift, Chicqui de la Fuente
|
| 260 |
|
|
|a Bratislava
|b Fortuna Print
|c 1992
|
| 300 |
|
|
|a 44 s.
|c 29,5x21,5 cm
|
| 500 |
|
|
|a Komiks. Vydané v spolupráci s Kentaur/Polygrafia
|
| 500 |
|
|
|a Preložila Magda Žaryová
|
| 655 |
|
7 |
|a beztextové leporelá
|2 SNKPH
|9 63057
|
| 700 |
1 |
|
|a Fuente, Chicqui de la
|4 aut
|9 517952
|
| 919 |
|
|
|a 80-85224-17-8
|
| 958 |
|
|
|a LX
|
| 958 |
|
|
|a DB
|
| 958 |
|
|
|a BQ
|
| 958 |
|
|
|a TL
|
| 958 |
|
|
|a OND
|
| 999 |
|
|
|c 797839
|d 799769
|
| 952 |
|
|
|a SNK
|b SNK
|y PREZ
|7 0
|p 17A0804584
|o snkSB 49926
|0 0
|1 0
|4 0
|d 2012-07-16
|f 1
|l 0
|r 2025-03-05 00:00:00
|w 2026-02-24
|
| 952 |
|
|
|t P60, <04>, [BOOK], {604}
|a SNK
|b SNK
|y VYP
|7 0
|p 17A0148969
|o snkSB 49926 D1
|0 0
|1 0
|4 0
|d 1998-07-03
|l 0
|r 2005-01-01 00:00:00
|w 2026-02-24
|